Dynamic network theory: how social networks influence goal pursuit
Uloženo v:
| Hlavní autor: | |
|---|---|
| Médium: | Kniha |
| Jazyk: | angličtina |
| Vydáno: |
Washington, D.C
American Psychological Association
2012
|
| Témata: | |
| Tagy: |
Přidat tag
Žádné tagy, Buďte první, kdo vytvoří štítek k tomuto záznamu!
|
MARC
| LEADER | 00000cam a2200000 a 4500 | ||
|---|---|---|---|
| 001 | UCC9610 | ||
| 003 | CL-VaPUC | ||
| 005 | 20211019074321.0 | ||
| 008 | 191010e20120000us |||||||||||||||||eng|d | ||
| 020 | |a 9781433810824 | ||
| 040 | |c Pontificia Universidad Católica de Valparaíso | ||
| 082 | 0 | 4 | |a 302.3 |b WES |2 21 |
| 100 | 0 | |a Westaby, James D |e author |9 222279 | |
| 245 | 1 | 0 | |a Dynamic network theory: how social networks influence goal pursuit |
| 260 | |a Washington, D.C |b American Psychological Association |c 2012 | ||
| 300 | |a 279 p | ||
| 583 | |a last modification |c 20191010 15:29:00 |k Rodrigo Vera | ||
| 650 | 0 | |a Redes sociales |9 327959 | |
| 650 | 0 | |a Aspectos psicológicos |9 258128 | |
| 650 | 0 | |a Liderazgo |9 271835 | |
| 650 | 7 | |a METAS |2 CL-VaPUC |9 341661 | |
| 650 | 0 | |a Cambio social |9 256857 | |
| 942 | |c BK | ||
| 945 | |d 20191010 15:29:00 |a cmena | ||
| 999 | |c 375758 |d 375756 | ||
| 952 | |0 0 |1 0 |3 erd |4 0 |6 302_300000000000000_WES_2012 |7 0 |8 A |9 494807 |a BIBING |b BIBING |i 5563798 |o 302.3 WES 2012 |p 5563798 |r 2025-01-20 |w 2019-11-24 |y BK |z Catalogado en:20191010 |k EII | ||